[Event "USA-ch Seniors 50"]
[Site "Saint Louis"]
[Date "2019.07.11"]
[Round "1"]
[White "Yermolinsky, Alex"]
[Black "Novikov, Igor A"]
[Result "1/2-1/2"]
[WhiteElo "2504"]
[BlackElo "2556"]
[PlyCount "66"]
[EventDate "2019.07.11"]
[EventType "tourn"]
[EventRounds "9"]
[EventCountry "USA"]
[EventCategory "11"]
[SourceTitle "CBM 191 Extra"]
[Source "ChessBase"]
[SourceDate "2019.09.30"]
[SourceVersion "1"]
[SourceVersionDate "2019.09.30"]
[SourceQuality "1"]

1. e4 c5 2. Nc3 d6 3. Nf3 Nf6 4. e5 dxe5 5. Nxe5 e6 6. Bb5+ Nbd7 7. 0-0 Be7 8. d4 0-0 9. Bf4 Nxe5 10. dxe5 Nd5 11. Qf3 Bd7 12. Rfd1 Bxb5 13. Nxb5 Qb6 14. c4 Nxf4 15. Qxf4 Rad8 16. b3 f6 17. g3 a6 18. Nc3 f5 19. Qf3 Qc7 20. Qe2 g6 21. Rxd8 Rxd8 22. Rd1 Rxd1+ 23. Nxd1 Qd7 24. Nb2 Qd4 25. Nd3 Kf7 26. Qe3 Qxe3 27. fxe3 b6 28. Kf2 Bd8 29. Kf3 Bc7 30. Kf4 h6 31. h4 Bd8 32. Kf3 Bc7 33. Kf4 Bd8 1/2-1/2

[Event "WchT Seniors 50"]
[Site "Rhodes"]
[Date "2019.04.23"]
[Round "8.1"]
[White "Novikov, Igor A"]
[Black "Druckenthaner, Andreas"]
[Result "1-0"]
[WhiteElo "2563"]
[BlackElo "2304"]
[PlyCount "59"]
[EventDate "2019.04.16"]
[EventType "team-swiss"]
[EventRounds "9"]
[EventCountry "GRE"]
[SourceTitle "CBM 190 Extra"]
[Source "ChessBase"]
[SourceDate "2019.07.15"]
[SourceVersion "1"]
[SourceVersionDate "2019.07.15"]
[SourceQuality "1"]
[WhiteTeam "United States"]
[BlackTeam "Austria"]
[WhiteTeamCountry "USA"]
[BlackTeamCountry "AUT"]

1. d4 Nc6 2. Nf3 d6 3. e4 Nf6 4. Nc3 g6 5. Be2 Bg7 6. 0-0 0-0 7. d5 Nb8 8. h3 c6 9. Bg5 h6 10. Be3 Nbd7 11. Nd4 Qc7 12. Qd2 Kh7 13. a4 a6 14. a5 Nc5 15. Bf3 cxd5 16. exd5 Ncd7 17. Na4 Ne5 18. Nb6 Nxf3+ 19. Nxf3 Rb8 20. Ra4 h5 21. Re1 Bf5 22. Rc4 Qd8 23. Bg5 Re8 24. Qf4 Nd7 25. Nxd7 Qxd7 26. g4 Be5 27. Nxe5 dxe5 28. Rxe5 Qd6 29. gxf5 f6 30. Rxe7+ 1-0